Paesi più Grandi del Mozambico - Statistics

Statistiche generali
  • Questo quiz è stato fatto 17 volte
  • Il punteggio medio è 29 su 33
Statistiche sulle risposte
Superficie Paese % Corretto
17,098,242 Russia
100%
2,381,741 Algeria
93%
2,149,690 Arabia Saudita
93%
2,780,400 Argentina
93%
7,741,220 Australia
93%
8,514,877 Brasile
93%
9,984,670 Canada
93%
9,596,961 Cina
93%
1,648,195 Iran
93%
2,724,900 Kazakistan
93%
1,759,540 Libia
93%
2,344,858 Rep. Dem. del Congo
93%
9,826,675 Stati Uniti
93%
1,219,090 Sudafrica
93%
1,861,484 Sudan
93%
1,098,581 Bolivia
87%
1,284,000 Ciad
87%
1,138,910 Colombia
87%
1,001,450 Egitto
87%
1,104,300 Etiopia
87%
3,287,263 India
87%
1,964,375 Messico
87%
1,564,116 Mongolia
87%
824,292 Namibia
87%
1,267,000 Niger
87%
923,768 Nigeria
87%
1,285,216 Perù
87%
912,050 Venezuela
87%
1,246,700 Angola
80%
1,904,569 Indonesia
80%
1,240,192 Mali
80%
1,030,700 Mauritania
80%
947,300 Tanzania
60%
Nessun quiz corrispondente trovato
Distribuzione punteggi
Percentuale di utenti per punteggio
Percentile per numero di risposta
I tuoi punteggi nel tempo
Non hai fatto questo quiz